000 00893nam a2200253 i 4500
001 115007
003 ES-MaACL
005 20250630225030.0
007 t|
008 070216s1926 sp ||||1| spa d
100 1 _aGlotz, Gustave.
_957450
245 1 3 _aLa civilización egea /
_cpor Gustavo Glotz ; traducción de Luis Pericot y de Juan Planella.
260 _aBarcelona :
_bCervantes,
_c1926.
300 _aXII, 527 p. :
_bil., mapas ;
_c21 cm.
490 1 _aLa evolución de la humanidad ;
_v9
599 _aCon 95 figuras y 3 mapas en el texto.
651 4 _aCreta-
_xCivilización.
_9146688
651 4 _aMicenas (Ciudad desaparecida)-
_xCivilización.
_9146689
700 1 _aPericot, Luis,
_d1899-1978
_991262
700 1 _aPlanella, Juan.
_992547
830 1 _aLa evolución de la humanidad ;
_v9
_9185926
852 _aES-MaACL
_jC-29085
999 _c115007
_d115007